Statistics for U.S States Without an "A" in Their Name

Click here to take the quiz!

General Stats

  • This quiz has been taken 149 times
    (123 since last reset)
  • The average score is 13 of 14

Answer Stats

U.S States% Correct
Ohio
97%
Kentucky
95%
Mississippi
95%
New York
95%
Oregon
95%
Missouri
94%
New Mexico
94%
Wyoming
94%
Tennessee
93%
Wisconsin
93%
New Jersey
92%
Vermont
92%
Connecticut
91%
Illinois
91%

Score Distribution

Percentile by Number Answered

Percent of People with Each Score

Your Score History

You have not taken this quiz since the last reset